000 00296nam a22001337a 4500
008 190205b xxu||||| |||| 00| 0 eng d
020 _a9780768940893
041 _aeng
080 _a371
100 _a25
101 _aEDU
245 _aHow to get Money for College
_cPeterson
942 _2udc
_cBK
999 _c54077
_d54077